UK by Picture - D - Statistics

General Stats
  • This quiz has been taken 47 times
  • The average score is 12 of 16
Answer Stats
Picture Hint Answer % Correct
Sport Darts
100%
Princess Diana
100%
Biologist Charles Darwin
95%
Science Fiction TV Series Doctor Who
95%
Type of Bus Double-Decker
93%
Novelist Charles Dickens
89%
Historical Drama TV Series Downton Abbey
84%
Flower Daffodil
82%
Footwear Brand Dr. Martens
77%
County Devon
75%
Biscuit Digestive Biscuit
73%
University City Durham
64%
Explorer Francis Drake
64%
Pop Rock Band Duran Duran
57%
Writer Roald Dahl
52%
Landmark Durdle Door
27%
No matching quizzes found
Score Distribution
Percent of People with Each Score
Percentile by Number Answered
Your Score History
You have not taken this quiz